[Event "Olsztyn op U18 rapid"]
[Site "Olsztyn"]
[Date "2013.08.03"]
[Round "10"]
[White "Kiolbasa, Oliwia"]
[Black "Lachowicz, Judyta"]
[Result "1/2-1/2"]
[WhiteElo "1955"]
[BlackElo "1729"]
[PlyCount "56"]
[EventDate "2013.08.01"]
[EventType "swiss (rapid)"]
[EventRounds "11"]
[EventCountry "POL"]
[SourceTitle "CBM 155 Extra"]
[Source "ChessBase"]
[SourceDate "2013.08.26"]
[SourceVersion "1"]
[SourceVersionDate "2013.08.26"]
[SourceQuality "1"]

1. e4 e5 2. Nf3 Nc6 3. Bc4 Bc5 4. c3 Nf6 5. d3 d6 6. Bb3 Be6 7. Bc2 Bb6 8. h3 h6 9. Nbd2 Nh5 10. Nf1 Nf4 11. Bxf4 exf4 12. d4 Bd7 13. Qd2 Qf6 14. 0-0-0 0-0-0 15. N1h2 h5 16. Rhe1 Rhe8 17. Qd3 Qg6 18. Rg1 Ne7 19. a4 f5 20. e5 Nc6 21. exd6 Qxd6 22. b4 a5 23. b5 Qa3+ 24. Kd2 Ne7 25. Ra1 Qd6 26. Kc1 c5 27. Ne5 Be6 28. Nc4 Qc7 1/2-1/2

[Event "POL-chT (Women) 5th"]
[Site "Wroclaw"]
[Date "2012.12.01"]
[Round "3"]
[White "Lachowicz, Judyta"]
[Black "Bartel, Marta"]
[Result "0-1"]
[WhiteElo "1716"]
[BlackElo "2260"]
[PlyCount "54"]
[EventDate "2012.11.30"]
[EventType "team-tourn"]
[EventRounds "4"]
[EventCountry "POL"]
[SourceTitle "EXT 2019"]
[Source "ChessBase"]
[SourceDate "2018.10.10"]
[SourceVersion "1"]
[SourceVersionDate "2018.10.10"]
[SourceQuality "1"]
[WhiteTeam "Wroclaw MUKS MDK Srodmiescie (W)"]
[BlackTeam "Lublin Drakon SKOK Chmielewskiego (W)"]
[WhiteTeamCountry "POL"]
[BlackTeamCountry "POL"]

1. e4 g6 2. d4 Bg7 3. Nf3 d6 4. Nc3 c6 5. Be3 b5 6. a3 a6 7. Bd3 Nd7 8. Ne2 Ngf6 9. c3 Bb7 10. Ng3 Qc7 11. Nd2 h5 12. h4 c5 13. b3 Ng4 14. b4 cxd4 15. Bxd4 e5 16. Be3 Nxe3 17. fxe3 Qxc3 18. Ke2 Qc7 19. Rc1 Qb6 20. Rf1 Nf6 21. Qb3 0-0 22. Nf3 d5 23. Bb1 dxe4 24. Ng5 Rad8 25. N3xe4 Bd5 26. Qb2 Ng4 27. Rf3 f5 0-1

[Event "Podlaskie-ch U15 Girls 17th"]
[Site "Suwalki"]
[Date "2011.04.17"]
[Round "5"]
[White "Gora, Antonina"]
[Black "Lachowicz, Judyta"]
[Result "1-0"]
[WhiteElo "1615"]
[BlackElo "1714"]
[PlyCount "49"]
[EventDate "2011.04.14"]
[EventType "swiss"]
[EventRounds "10"]
[EventCountry "POL"]
[SourceTitle "EXT 2012"]
[Source "ChessBase"]
[SourceDate "2011.11.24"]
[SourceVersion "1"]
[SourceVersionDate "2011.11.24"]
[SourceQuality "1"]

1. e4 e5 2. Nf3 Nc6 3. Bc4 Nf6 4. d3 Bc5 5. c3 0-0 6. Bb3 d6 7. 0-0 Bb6 8. Nbd2 Bg4 9. Re1 Qd7 10. Nf1 h6 11. h3 Be6 12. Ng3 Rad8 13. Nh4 Ne7 14. Qf3 Ng6 15. Nhf5 Nh7 16. Nh5 Bxf5 17. exf5 Nf4 18. Bxf4 exf4 19. Qg4 g5 20. fxg6 Qxg4 21. gxh7+ Kxh7 22. hxg4 f5 23. Re7+ Kh8 24. Rae1 fxg4 25. R1e6 1-0

[Event "Podlaskie-ch U15 Girls 17th"]
[Site "Suwalki"]
[Date "2011.04.15"]
[Round "2"]
[White "Lachowicz, Judyta"]
[Black "Gudelajtis, Anna"]
[Result "0-1"]
[WhiteElo "1714"]
[BlackElo "1499"]
[PlyCount "124"]
[EventDate "2011.04.14"]
[EventType "swiss"]
[EventRounds "10"]
[EventCountry "POL"]
[SourceTitle "EXT 2012"]
[Source "ChessBase"]
[SourceDate "2011.11.24"]
[SourceVersion "1"]
[SourceVersionDate "2011.11.24"]
[SourceQuality "1"]

1. e4 d5 2. exd5 Qxd5 3. Nc3 Qa5 4. d4 Nf6 5. Nf3 c6 6. Ne5 Nbd7 7. Nc4 Qc7 8. Qf3 Nb6 9. Bf4 Qd8 10. Be5 Nxc4 11. Bxc4 Bg4 12. Qg3 Bh5 13. 0-0 e6 14. Rfe1 Bg6 15. Bb3 Be7 16. Rad1 0-0 17. Bxf6 Bxf6 18. Ne2 Qb6 19. c3 Rad8 20. Nf4 Rfe8 21. Nxg6 hxg6 22. Rd3 Re7 23. Qg4 Qb5 24. Rde3 Qh5 25. Qg3 Red7 26. Re4 g5 27. Bd1 Qh6 28. Bg4 g6 29. Qf3 Kg7 30. R4e3 Rh8 31. h3 Rd5 32. Qg3 Rd7 33. Qf3 a6 34. Qe4 Qh4 35. Rf3 Rd5 36. Qe2 Rd6 37. Qc4 Re8 38. Qb4 Rd7 39. Qc4 Rd6 40. Qe2 Rh8 41. Qe4 Re8 42. Ree3 Rh8 43. Rd3 Rhd8 44. Qe2 Rh8 45. c4 Rhd8 46. Rb3 R8d7 47. d5 cxd5 48. cxd5 Rxd5 49. g3 Qh8 50. Kg2 Qd8 51. Qc4 b5 52. Qe4 Rd4 53. Qc6 R7d6 54. Qb7 Qd7 55. Qa8 Rd2 56. Ra3 Qc6 57. Qxc6 Rxc6 58. b4 Bb2 59. Rad3 Rcc2 60. Rxd2 Rxd2 61. h4 f5 62. Bxf5 gxf5 0-1

[Event "POL-chT U19 42nd"]
[Site "Ustron"]
[Date "2011.??.??"]
[Round "9.6"]
[White "Dadello, Aleksandra"]
[Black "Lachowicz, Judyta"]
[Result "1-0"]
[WhiteElo "1802"]
[BlackElo "1695"]
[PlyCount "67"]
[EventDate "2011.06.24"]
[EventType "team-tourn"]
[EventRounds "9"]
[EventCountry "POL"]
[SourceTitle "EXT 2015"]
[Source "ChessBase"]
[SourceDate "2014.11.20"]
[SourceVersion "1"]
[SourceVersionDate "2014.11.20"]
[SourceQuality "1"]
[WhiteTeam "Wroclaw KS Polonia U19"]
[BlackTeam "Wroclaw MUKS MDK Srodmiescie U19"]
[WhiteTeamCountry "POL"]
[BlackTeamCountry "POL"]

1. d4 d5 2. Nc3 Nf6 3. Bg5 Bf5 4. f3 Nc6 5. a3 Bg6 6. Qd2 Qd7 7. 0-0-0 0-0-0 8. Nh3 h6 9. Bxf6 gxf6 10. e4 e5 11. Bb5 dxe4 12. d5 Qe7 13. Bxc6 bxc6 14. fxe4 cxd5 15. Nxd5 Qc5 16. Nb6+ Qxb6 17. Qxd8+ Kb7 18. Qd5+ Ka6 19. Rd3 Qc5 20. Qd7 Bxe4 21. Rc3 Qb5 22. Qxf7 Bd6 23. Rd1 Bxg2 24. Qxf6 Be4 25. Qxh8 Qe2 26. Qc8+ Kb6 27. Qb8+ Ka6 28. Rxd6+ cxd6 29. Qxd6+ Kb5 30. Qxe5+ Kb6 31. Qc7+ Kb5 32. a4+ Kb4 33. Qc5+ Kxa4 34. Ra3# 1-0

[Event "POL-chT U19 42nd"]
[Site "Ustron"]
[Date "2011.??.??"]
[Round "1.30"]
[White "Szymczak, Paula"]
[Black "Lachowicz, Judyta"]
[Result "1-0"]
[WhiteElo "1705"]
[BlackElo "1695"]
[PlyCount "69"]
[EventDate "2011.06.24"]
[EventType "team-tourn"]
[EventRounds "9"]
[EventCountry "POL"]
[SourceTitle "EXT 2015"]
[Source "ChessBase"]
[SourceDate "2014.11.20"]
[SourceVersion "1"]
[SourceVersionDate "2014.11.20"]
[SourceQuality "1"]
[WhiteTeam "Skierniewice KS Piatka U19"]
[BlackTeam "Wroclaw MUKS MDK Srodmiescie U19"]
[WhiteTeamCountry "POL"]
[BlackTeamCountry "POL"]

1. e4 e5 2. Nf3 Nc6 3. Bb5 a6 4. Ba4 Bc5 5. 0-0 b5 6. Bb3 Nf6 7. d3 0-0 8. Bg5 h6 9. Bh4 Bb7 10. Nc3 g5 11. Bg3 d6 12. Nd5 Na5 13. Nxf6+ Qxf6 14. c3 Nxb3 15. Qxb3 Bb6 16. Rfe1 Rfe8 17. Rad1 g4 18. Nh4 c5 19. Nf5 d5 20. Qc2 Bc7 21. Bh4 Qe6 22. Qe2 Kh7 23. Qxg4 Rg8 24. Qf3 c4 25. Ne3 dxe4 26. dxe4 Bd8 27. Bxd8 Raxd8 28. Nf5 Qf6 29. Qe3 Rg6 30. Ng3 Qe7 31. Nf5 Qf6 32. Qe2 Rdg8 33. g3 Bc8 34. Rd6 Qh8 35. Red1 1-0

[Event "Polanica Zdroj op-B 46th"]
[Site "Polanica Zdroj"]
[Date "2010.08.24"]
[Round "7"]
[White "Zielinski, Marcin"]
[Black "Lachowicz, Judyta"]
[Result "0-1"]
[WhiteElo "1465"]
[BlackElo "1785"]
[PlyCount "70"]
[EventDate "2010.08.18"]
[EventType "swiss"]
[EventRounds "9"]
[EventCountry "POL"]
[SourceTitle "CBM 138 Extra"]
[Source "ChessBase"]
[SourceDate "2010.10.29"]
[SourceVersion "1"]
[SourceVersionDate "2010.10.29"]
[SourceQuality "1"]

1. e4 e5 2. Nf3 Nc6 3. d4 exd4 4. Nxd4 Bc5 5. Be3 Bb6 6. Nf5 Qf6 7. c3 d6 8. Bxb6 axb6 9. Ne3 Be6 10. Bc4 Bxc4 11. Nxc4 Qe6 12. Qd5 Qg6 13. 0-0 Nf6 14. Qd3 Qxe4 15. Qxe4+ Nxe4 16. Re1 0-0 17. Rxe4 d5 18. Rh4 dxc4 19. Rxc4 Rfe8 20. Kf1 Rad8 21. f3 Rd1+ 22. Kf2 Ree1 23. Re4 Rxe4 24. fxe4 f6 25. Ke2 Rh1 26. Kd3 Kf7 27. a4 Ke6 28. Kc2 Rxh2 29. Nd2 Rxg2 30. b4 Ne5 31. Kc1 Rg1+ 32. Kb2 Rxa1 33. Kxa1 h5 34. Nb3 h4 35. Nd4+ Kf7 0-1

[Event "Polanica Zdroj op-B 46th"]
[Site "Polanica Zdroj"]
[Date "2010.08.20"]
[Round "3"]
[White "Szymanowski, Igor"]
[Black "Lachowicz, Judyta"]
[Result "1-0"]
[WhiteElo "1395"]
[BlackElo "1785"]
[PlyCount "119"]
[EventDate "2010.08.18"]
[EventType "swiss"]
[EventRounds "9"]
[EventCountry "POL"]
[SourceTitle "CBM 138 Extra"]
[Source "ChessBase"]
[SourceDate "2010.10.29"]
[SourceVersion "1"]
[SourceVersionDate "2010.10.29"]
[SourceQuality "1"]

1. e4 e5 2. Nf3 Nc6 3. Bc4 Bc5 4. Nc3 Nf6 5. d3 h6 6. Be3 Bb6 7. h3 d6 8. Qd2 Na5 9. Bb3 Nxb3 10. axb3 Bxe3 11. fxe3 0-0 12. 0-0-0 c6 13. d4 Qa5 14. Kb1 b5 15. Na2 Qb6 16. dxe5 Nxe4 17. Qe1 dxe5 18. Nxe5 Re8 19. Nd3 Nc5 20. Nxc5 Qxc5 21. Rd3 Bb7 22. b4 Qg5 23. Qf2 Re7 24. Rhd1 Rae8 25. Rd7 Bc8 26. Rxe7 Qxe7 27. g4 Be6 28. Qf4 g5 29. Qd6 Qxd6 30. Rxd6 Rc8 31. Nc3 Kf8 32. Rd1 Ke7 33. Ne4 Bd5 34. Nc5 Rd8 35. Rg1 f6 36. e4 Bf7 37. Re1 Rd2 38. Kc1 Rh2 39. Re3 Rh1+ 40. Kd2 Kd6 41. Rd3+ Ke5 42. Rf3 Bg6 43. Re3 Rh2+ 44. Kd3 Bf7 45. b3 h5 46. Nd7+ Ke6 47. Nc5+ Kd6 48. Rf3 Ke7 49. Re3 Kd6 50. Rf3 Ke7 51. Re3 Rf2 52. Kc3 Kd6 53. e5+ fxe5 54. Ne4+ Ke7 55. Nxf2 hxg4 56. Nxg4 Bd5 57. Rxe5+ Kd6 58. Rxg5 c5 59. bxc5+ Kxc5 60. Ne3 1-0

[Event "POL-chT U19 1st League"]
[Site "Suchedniow"]
[Date "2010.07.11"]
[Round "6"]
[White "Bialowas, Inga"]
[Black "Lachowicz, Judyta"]
[Result "1-0"]
[WhiteElo "1633"]
[BlackElo "1785"]
[PlyCount "88"]
[EventDate "2010.07.06"]
[EventType "team-tourn"]
[EventRounds "9"]
[EventCountry "POL"]
[SourceTitle "EXT 2019"]
[Source "ChessBase"]
[SourceDate "2018.10.10"]
[SourceVersion "1"]
[SourceVersionDate "2018.10.10"]
[SourceQuality "1"]
[WhiteTeam "Brzozow LKS Brzozowia MOSiR U19"]
[BlackTeam "Wroclaw MUKS MDK Srodmiescie U19"]
[WhiteTeamCountry "POL"]
[BlackTeamCountry "POL"]

1. e4 e5 2. Nf3 Nc6 3. Bb5 Bc5 4. 0-0 Nf6 5. d3 d6 6. c3 0-0 7. Bg5 h6 8. Be3 Bb6 9. Nbd2 Bg4 10. h3 Be6 11. Qe2 Qe7 12. Nh2 Rad8 13. Bxb6 axb6 14. Bxc6 bxc6 15. d4 g6 16. g4 Nd7 17. f4 exf4 18. Rxf4 Qh4 19. Kg2 Rde8 20. Qe3 Qe7 21. Raf1 c5 22. R4f2 Kg7 23. b3 d5 24. e5 cxd4 25. cxd4 c5 26. Nhf3 Ra8 27. Nb1 Kh7 28. g5 h5 29. Nc3 Rab8 30. Nb5 cxd4 31. Nfxd4 Nc5 32. Nd6 Ne4 33. Nxe4 dxe4 34. Nc6 Qc7 35. Nxb8 Rxb8 36. Qxe4 Rd8 37. Kh2 Bf5 38. Qe3 Kg7 39. Rxf5 gxf5 40. Rxf5 Qc6 41. Rf6 Qc2+ 42. Rf2 Qc6 43. Kg3 Qb5 44. Qe2 Qb4 1-0

[Event "POL-chT U19 1st League"]
[Site "Suchedniow"]
[Date "2010.07.06"]
[Round "1"]
[White "Tracz, Marcelina"]
[Black "Lachowicz, Judyta"]
[Result "1-0"]
[WhiteElo "1669"]
[BlackElo "1785"]
[PlyCount "151"]
[EventDate "2010.07.06"]
[EventType "team-tourn"]
[EventRounds "9"]
[EventCountry "POL"]
[SourceTitle "EXT 2019"]
[Source "ChessBase"]
[SourceDate "2018.10.10"]
[SourceVersion "1"]
[SourceVersionDate "2018.10.10"]
[SourceQuality "1"]
[WhiteTeam "Wieliczka MKS MOS U19"]
[BlackTeam "Wroclaw MUKS MDK Srodmiescie U19"]
[WhiteTeamCountry "POL"]
[BlackTeamCountry "POL"]

1. e4 e5 2. Nf3 Nc6 3. Bc4 Nf6 4. d3 Bc5 5. Be3 Bb6 6. c3 d6 7. Nbd2 0-0 8. 0-0 h6 9. Re1 Re8 10. Nf1 Bg4 11. h3 Be6 12. Bb5 a6 13. Ba4 Qe7 14. Ng3 Bxe3 15. fxe3 b5 16. Bc2 Qd7 17. Kh2 Rad8 18. d4 exd4 19. exd4 d5 20. e5 Nh7 21. Bxh7+ Kxh7 22. Qd3+ Kh8 23. Nh4 Ne7 24. Rf1 g6 25. Rf2 Kg7 26. Raf1 Rg8 27. Rf6 Rdf8 28. Ne2 Nf5 29. Nxf5+ Bxf5 30. Qg3 Be6 31. Nf4 Qe8 32. Nxe6+ fxe6 33. Qg4 h5 34. Qg5 Kh7 35. Qf4 Kg7 36. Qg5 Kh7 37. R1f4 Qe7 38. g4 Rxf6 39. Rxf6 Rg7 40. gxh5 gxh5 41. Qh6+ Kg8 42. Rxe6 Qf7 43. Rf6 Qe8 44. Rxa6 Qf8 45. Rf6 Qe8 46. Rf5 h4 47. Qxh4 Qg6 48. Qf2 Kh7 49. Rf6 Qe8 50. Qf5+ Kg8 51. Qe6+ Qxe6 52. Rxe6 Rf7 53. Rf6 Re7 54. h4 c5 55. Rd6 cxd4 56. cxd4 Rc7 57. b3 Rc2+ 58. Kg3 Rxa2 59. Rxd5 Rd2 60. Rxb5 Rxd4 61. e6 Kg7 62. Rb7+ Kf6 63. e7 Kf7 64. b4 Rc4 65. b5 Rd4 66. b6 Rb4 67. h5 Ke8 68. h6 Rb3+ 69. Kg4 Rb4+ 70. Kg5 Rb5+ 71. Kg6 Rb3 72. h7 Rg3+ 73. Kf5 Rh3 74. Rb8+ Kxe7 75. h8Q Rxh8 76. Rxh8 1-0

[Event "POL-ch U14 Girls"]
[Site "Sekocin Stary"]
[Date "2010.05.07"]
[Round "9"]
[White "Grochocinska, Urszula"]
[Black "Lachowicz, Judyta"]
[Result "0-1"]
[WhiteElo "1720"]
[BlackElo "1704"]
[PlyCount "74"]
[EventDate "2010.05.01"]
[EventType "swiss"]
[EventRounds "10"]
[EventCountry "POL"]
[SourceTitle "EXT 2011"]
[Source "ChessBase"]
[SourceDate "2010.11.26"]
[SourceVersion "1"]
[SourceVersionDate "2010.11.26"]
[SourceQuality "1"]

1. e4 e5 2. d4 exd4 3. c3 dxc3 4. Bc4 d6 5. Nf3 Nc6 6. 0-0 Be7 7. Qb3 Na5 8. Bxf7+ Kf8 9. Qxc3 Kxf7 10. Qxa5 b6 11. Qd2 Bb7 12. Nc3 Bf6 13. Qf4 Ne7 14. Ng5+ Ke8 15. Ne6 Qd7 16. Nb5 Rc8 17. Ned4 a6 18. Nxc7+ Rxc7 19. Be3 Rf8 20. Nf5 Nxf5 21. exf5 Be5 22. Qb4 Qb5 23. Qg4 Qc4 24. f4 Bd4 25. Rfe1 Kf7 26. Qg3 Qd5 27. Kh1 Bxe3 28. Rxe3 Kg8 29. Rae1 Qxf5 30. h4 Qxf4 31. Qh3 Rc2 32. Qe6+ Kh8 33. R3e2 Rxe2 34. Qxe2 Qxh4+ 35. Kg1 Qf6 36. Qd2 h6 37. Rc1 Qf5 0-1

[Event "POL-ch U14 Girls"]
[Site "Sekocin Stary"]
[Date "2010.05.01"]
[Round "1"]
[White "Lachowicz, Judyta"]
[Black "Czaplewska, Klara"]
[Result "1-0"]
[WhiteElo "1704"]
[BlackElo "1533"]
[PlyCount "41"]
[EventDate "2010.05.01"]
[EventType "swiss"]
[EventRounds "10"]
[EventCountry "POL"]
[SourceTitle "EXT 2011"]
[Source "ChessBase"]
[SourceDate "2010.11.26"]
[SourceVersion "1"]
[SourceVersionDate "2010.11.26"]
[SourceQuality "1"]

1. e4 e5 2. Nf3 Nc6 3. d4 exd4 4. Nxd4 Bc5 5. Be3 Qf6 6. c3 Nge7 7. Bc4 a6 8. 0-0 0-0 9. Qd2 b5 10. Bb3 Bb6 11. f4 Nxd4 12. cxd4 Bb7 13. e5 Qg6 14. f5 Qg4 15. Bd1 Qe4 16. Bf3 Ba5 17. Nc3 Bxc3 18. bxc3 Qh4 19. Bg5 Nxf5 20. Bxh4 Bxf3 21. Rxf3 1-0

[Event "Gora Sw Anny op 3rd"]
[Site "Gora Sw Anny"]
[Date "2010.02.08"]
[Round "2"]
[White "Lachowicz, Judyta"]
[Black "Starczewska, Dominika"]
[Result "1-0"]
[WhiteElo "1704"]
[BlackElo "1847"]
[PlyCount "55"]
[EventDate "2010.02.08"]
[EventType "swiss"]
[EventRounds "9"]
[EventCountry "POL"]
[SourceTitle "CBM 135 Extra"]
[Source "ChessBase"]
[SourceDate "2010.05.04"]
[SourceVersion "1"]
[SourceVersionDate "2010.05.04"]
[SourceQuality "1"]

1. e4 e6 2. d4 d5 3. Nc3 Nf6 4. Bg5 Bb4 5. Bxf6 gxf6 6. Qd3 c5 7. 0-0-0 Bxc3 8. Qxc3 cxd4 9. Qxd4 Nc6 10. Bb5 Bd7 11. Bxc6 Bxc6 12. exd5 Bxd5 13. f3 Qe7 14. Ne2 Rg8 15. Nf4 Bc6 16. Nh5 Rg6 17. Nf4 Rg5 18. Rhe1 Kf8 19. Rd2 Ra5 20. a3 Re8 21. Qd3 Kg8 22. g4 Rc8 23. Nh5 Bb5 24. Qd4 e5 25. Qe3 Qf8 26. Nxf6+ Kh8 27. Ne4 Rc6 28. Nd6 1-0

[Event "Gora Sw Anny op 3rd"]
[Site "Gora Sw Anny"]
[Date "2010.02.08"]
[Round "1"]
[White "Szumilas, Piotr"]
[Black "Lachowicz, Judyta"]
[Result "1/2-1/2"]
[WhiteElo "2160"]
[BlackElo "1704"]
[PlyCount "60"]
[EventDate "2010.02.08"]
[EventType "swiss"]
[EventRounds "9"]
[EventCountry "POL"]
[SourceTitle "CBM 135 Extra"]
[Source "ChessBase"]
[SourceDate "2010.05.04"]
[SourceVersion "1"]
[SourceVersionDate "2010.05.04"]
[SourceQuality "1"]

1. e4 e5 2. Nf3 Nc6 3. Nc3 Nf6 4. d4 exd4 5. Nxd4 Bb4 6. Nxc6 bxc6 7. Bd3 h6 8. 0-0 Bxc3 9. bxc3 0-0 10. e5 Nd5 11. Qg4 d6 12. Qe4 f5 13. exf6 Qxf6 14. Bb2 Bf5 15. Qc4 Bxd3 16. cxd3 Kh8 17. Qxc6 Nf4 18. Rad1 Qg6 19. Bc1 Nxd3 20. Be3 Ne5 21. Qxc7 Nf3+ 22. Kh1 Qh5 23. h3 Rad8 24. Bxa7 Qe5 25. gxf3 Qf5 26. Rxd6 Qxh3+ 27. Kg1 Rxd6 28. Qxd6 Rf5 29. Qd8+ Kh7 30. Qd3 Kh8 1/2-1/2

[Event "Polanica Zdroj op-D 45th"]
[Site "Polanica Zdroj"]
[Date "2009.08.24"]
[Round "8"]
[White "Lachowicz, Judyta"]
[Black "Zyla, Agata"]
[Result "0-1"]
[WhiteElo "1679"]
[BlackElo "1529"]
[PlyCount "56"]
[EventDate "2009.08.18"]
[EventType "swiss"]
[EventRounds "9"]
[EventCountry "POL"]
[SourceTitle "CBM 132 Extra"]
[Source "ChessBase"]
[SourceDate "2009.11.03"]
[SourceVersion "1"]
[SourceVersionDate "2009.11.03"]
[SourceQuality "1"]

1. e4 e5 2. Nf3 Nc6 3. d4 exd4 4. Nxd4 Nf6 5. Nxc6 bxc6 6. Bd3 Bc5 7. 0-0 d6 8. Bg5 h6 9. Bh4 Be6 10. Nc3 g5 11. Bg3 h5 12. h4 Ng4 13. hxg5 Qxg5 14. Qf3 h4 15. Bf4 Qg7 16. e5 d5 17. Ne2 Nxf2 18. Rxf2 Bg4 19. Bh6 Rxh6 20. Qf4 Bxf2+ 21. Qxf2 h3 22. g3 Kd7 23. c4 Bxe2 24. Bxe2 Rg8 25. Kh2 Rg6 26. Qf5+ Ke7 27. cxd5 Rxg3 28. d6+ Kd8 0-1

[Event "Polanica Zdroj op-D 45th"]
[Site "Polanica Zdroj"]
[Date "2009.08.20"]
[Round "3"]
[White "Ostalska, Natalia"]
[Black "Lachowicz, Judyta"]
[Result "0-1"]
[WhiteElo "1530"]
[BlackElo "1679"]
[PlyCount "38"]
[EventDate "2009.08.18"]
[EventType "swiss"]
[EventRounds "9"]
[EventCountry "POL"]
[SourceTitle "CBM 132 Extra"]
[Source "ChessBase"]
[SourceDate "2009.11.03"]
[SourceVersion "1"]
[SourceVersionDate "2009.11.03"]
[SourceQuality "1"]

1. e4 e5 2. Nf3 Nc6 3. d4 exd4 4. Nxd4 Bc5 5. Be3 Bb6 6. Nxc6 bxc6 7. Bxb6 axb6 8. Bc4 Ne7 9. Nc3 0-0 10. f4 d5 11. exd5 cxd5 12. Nxd5 Nxd5 13. Qxd5 Qe7+ 14. Kf1 Be6 15. Qe4 Ra4 16. Re1 Bxc4+ 17. Kf2 Qxe4 18. Rxe4 Bb5 19. Rxa4 Bxa4 0-1